Subdivision centers closest to Nova Gorica (SI) - Statistics

General Stats
  • This quiz has been taken 10 times
  • The average score is 15 of 20
Answer Stats
Distance (km) Answer % Correct
19 185 Graz
100%
5 67 Ljubljana
100%
1 35 Trieste
100%
18 181 Zagreb
100%
13 128 Celje
75%
14 157 Karlovac
75%
7 90 Klagenfurt
75%
2 46 Koper
75%
4 63 Kranj
75%
17 173 Krapina
75%
15 143 Krško
75%
16 167 Maribor
75%
11 119 Novo Mesto
75%
3 48 Postojna
75%
8 93 Rijeka
75%
12 126 Slovenj Gradec
75%
10 117 Venezia
75%
6 83 Pazin
50%
9 110 Trbovlje
50%
20 195 Trento
25%
No matching quizzes found
Score Distribution
Percent of People with Each Score
Percentile by Number Answered
Your Score History
You have not taken this quiz